| 000 -LEADER |
| fixed length control field |
00354nam a22001217a 4500 |
| 008 - FIXED-LENGTH DATA ELEMENTS--GENERAL INFORMATION |
| fixed length control field |
250909b ||||| |||| 00| 0 eng d |
| 020 ## - INTERNATIONAL STANDARD BOOK NUMBER |
| International Standard Book Number |
9780192734921 |
| 082 ## - DEWEY DECIMAL CLASSIFICATION NUMBER |
| Classification number |
823.92 REE |
| 100 ## - MAIN ENTRY--PERSONAL NAME |
| Personal name |
REEVE,PHILIP |
| Relator term |
AUTHOR |
| Language of a work |
ENGLISH |
| 245 ## - TITLE STATEMENT |
| Title |
PUGS OFTHE FROZEN NORTH |
| 260 ## - PUBLICATION, DISTRIBUTION, ETC. |
| Place of publication, distribution, etc. |
GREAT CLARENDON STREET,OXFORD OX2 6DP |
| Name of publisher, distributor, etc. |
OXFORD UNIVERSITY PRESS |
| Date of publication, distribution, etc. |
2016 |
| 942 ## - ADDED ENTRY ELEMENTS (KOHA) |
| Source of classification or shelving scheme |
|